000 00715nam a2200241 4500
003 LK-CoMWRAF
005 20230829093729.0
008 230821b1995 |||||||| |||| 00| 0 eng d
020 _a1870670361
040 _aLK-CoMWRAF
_dLK-CoMWRAF
_eLK-CoMWRAF
041 _aeng
082 _a355.0082
_bARM
245 _a Arms to fight, arms to protect:
_bwomen speak out about conflict
260 _aLondon:
_bPanos,
_c1995
300 _aiv,282p. : ill., maps ; 21cm.
_bGlossary and index included
650 _aWOMEN AND WAR
650 _aWomen -Social conditions;
650 _aWars Attitudes Of Women;
700 _aOlivia Bennett
_eed.
700 _aJo Bexley
_eed.
700 _aKitty Warnock
_eed.
942 _cBK
999 _c3235
_d3235